00351 a2200109 4500001001000000005001700010008004100027245006900068100002500137773006200162999001700224ART_1048320260410161848.0260409a 10aUn modelo multisectorial computable para la economía argentina1 aSturzenegger, Adolfo0 tEconómicag- Año XXII, Nº 1 (ene./abr.1976)wREV7541 c24774d24774